LEADER 01014nam0-2200349---450- 001 990008725530403321 005 20111125135245.0 010 $a978-0-19-927280-8 035 $a000872553 035 $aFED01000872553 035 $a(Aleph)000872553FED01 035 $a000872553 100 $a20081006d2004----km-y0itay50------ba 101 0 $aeng 102 $aGB 105 $aa-------001yy 200 1 $a<>Cold war$ea history in documents and eyewitness accounts$f[edited by] Jussi Hanhimaki and Odd Arne Westad 210 $aOxford$cOxford university press$d2004 215 $aXVII, 694 p.$cill.$d24 cm 610 0 $aGuerra fredda 676 $a327.09049$v19$zita 702 1$aWestad,$bOdd Arne 702 1$aHanhimaki,$bJussi M. 801 0$aIT$bUNINA$gRICA$2UNIMARC 901 $aBK 912 $a990008725530403321 952 $aII F 153$b43501$fFSPBC 952 $aII F 295$b48153$fFSPBC 952 $aII F 296$b48154$fFSPBC 959 $aFSPBC 996 $aCold War$9255307 997 $aUNINA LEADER 00938nam2-22003011i-450- 001 990005855160403321 005 20150804111332.0 035 $a000585516 035 $aFED01000585516 035 $a(Aleph)000585516FED01 035 $a000585516 100 $a19990604d1989----km-y0itay50------ba 101 0 $aarc$ager 102 $aDE 105 $ay-------001yy 200 1 $a<<2.9.: >> Traktat: Taanijot$d= Fastentage$eText, Übersetzung und ausführliche Erklärung nebst einem Textkritischen Anhang$fvon Dietrich Correns 210 $aBerlin ; New York$cWalter de Gruyter & Co.$d1989 215 $aVII, 154 p.$d25 cm 461 0$1001000854791$v2.9 610 0 $aGiudaismo$aFonti 676 $a296.123 07$v21$zita 700 1$aCorrens,$bDietrich$0177804 801 0$aIT$bUNINA$gRICA$2UNIMARC 901 $aBK 912 $a990005855160403321 952 $a296.123 MIS 1 (2.9)$bBIBL. 6545$fFLFBC 959 $aFLFBC 997 $aUNINA LEADER 01242nam 2200373Ia 450 001 996386398103316 005 20221108065040.0 035 $a(CKB)4940000000077202 035 $a(EEBO)2240964603 035 $a(OCoLC)12411576 035 $a(EXLCZ)994940000000077202 100 $a19850822d1659 uy | 101 0 $aeng 135 $aurbn||||a|bb| 200 14$aThe pilgrims wish, or, The saints longing$b[electronic resource] $ediscussed in a sermon preached in St. Bennet Grace Church at the funeral of Mrs. Anne Dudson ... who departed this life the 4th day of January, 1658 ... /$fby Nath. Hardy .. 210 $aLondon $cPrinted by A.M. for Joseph Cranford ...$d1659 215 $a[4], 31 p 300 $aReproduction of original in Yale University Library. 330 $aeebo-0198 606 $aDeath$vSermons 606 $aFuneral sermons 606 $aSermons, English 615 0$aDeath 615 0$aFuneral sermons. 615 0$aSermons, English. 700 $aHardy$b Nathaniel$f1618-1670.$0821523 801 0$bEAA 801 1$bEAA 801 2$bm/c 801 2$bWaOLN 906 $aBOOK 912 $a996386398103316 996 $aThe pilgrims wish, or, The saints longing$92303355 997 $aUNISA